| 000 | 00790nam a2200241Ia 4500 | ||
|---|---|---|---|
| 003 | OSt | ||
| 005 | 20220926001044.0 | ||
| 006 | a|||||r|||| 00| 0 | ||
| 007 | ta | ||
| 008 | 220923b |||||||| |||| 00| 0 eng d | ||
| 020 |
_a8187496509 _c165.75 |
||
| 037 |
_bDU0122, 28/03/2008, INDEPENDENT PUBLISHERS GROUP _cGeneral Book |
||
| 040 |
_aRTL _cRTL _beng |
||
| 041 |
_2eng _aeng |
||
| 082 | _aV2,4N21.275.P, P5/RR | ||
| 245 | 0 | _aHistory of the communist movement in India | |
| 260 |
_a New Delhi _bLeft Word Books _c2005 |
||
| 300 |
_axv, 248p _ccm. |
||
| 490 | _aHISTORY OF the communist movement in India | ||
| 650 | _aSociology | ||
| 942 |
_hV2,4N21.275.P, P5/RR _cGB _2CC |
||
| 999 |
_c600322 _d600322 |
||